| 000 | 01263nam a2200301 a 4500 | ||
|---|---|---|---|
| 001 | 1920789 | ||
| 003 | AM-YeHGA | ||
| 005 | 20251022135020.0 | ||
| 008 | 230919m2023 ai ||||fr|||||001|||arm|d | ||
| 020 | _a978-9939-0-4539-9 (Գիրք Ա) | ||
| 020 | _a978-9939-0-4827-7 (Գիրք Բ) | ||
| 020 | _a978-9939-0-4908-3 (Գիրք Գ) | ||
| 040 | _aAM-YeHGA | ||
| 041 | 0 | _aarm | |
| 100 | 1 | _aԼոռենց, Վահե | |
| 245 | 1 | 0 |
_aԳահնամակ / _cՎահե Լոռենց ; Խմբագիր՝ Լ. Անթանեսյան. |
| 260 |
_aԵրևան : _bՀեղ. հրատ., _c2023- |
||
| 300 |
_aգիրք ; _c24 սմ. |
||
| 504 | _aՄատենագիտություն՝ էջ 297-299 (Գիրք Ա)։ | ||
| 504 | _aՕգտագործված գրականության ցանկ՝ էջ 305-307 (Գիրք Բ)։ | ||
| 504 | _aՕգտագործված գրականության ցանկ՝ էջ 274-276 (Գիրք Գ)։ | ||
| 505 | 0 | 0 |
_gԳ. Ա (2023; 304 էջ) _gԳ. Բ (2024; 307 էջ) _gԳ. Գ (2024; 276 էջ) |
| 650 | 1 | 4 | _aՀայոց պատմության անվանի գործիչներ |
| 650 | 1 | 4 | _aԱնվանի հայեր |
| 650 | 1 | 4 |
_aՏոհմաբանություն _zՀայաստան |
| 700 | 1 |
_aԱնթանեսյան, Լիլիթ _eխմբագիր _4edt |
|
| 942 |
_2udc _cBK |
||
| 999 |
_c535360 _d535360 |
||